| 000 | 01376nam0a22003619 4500 | ||
|---|---|---|---|
| 001 | RU\NLR\b_ik\86334 | ||
| 005 | 20250616224627.0 | ||
| 010 | _a3-7705-3470-0 | ||
| 035 | _a(NLR Aleph) 002160422 | ||
| 090 |
_a2517843 _c2517843 |
||
| 100 | _a19950127d2000 |||y0rusy50 ca | ||
| 101 | 0 | _arus | |
| 102 | _aRU | ||
| 105 | _ay ||||||||| | ||
| 200 | 1 |
_aDie Kunst der Kritik _eZum Zusammenhang von Ethik u. Ästhetik bei Shaftesbury _fBarbara Schmidt-Haberkamp |
|
| 210 |
_aMünchen _cFink _dcop. 2000 |
||
| 215 |
_a275 c. _d24 |
||
| 225 | 1 |
_aMonographs on eighteenth-century Engl. lit. a. culture _dForschungen zur engl. Lit. u. Kultur des 18. Jh. |
|
| 320 | _aБиблиогр.: с. 255-272 | ||
| 606 | 0 |
_aШефтсбери, Антони Эшли Купер, 1671 - 1713 _2nlr-sh1 |
|
| 686 | 0 |
_aЮ3(4Вл)5-520 _2rubbk |
|
| 700 | 1 |
_aSchmidt-Haberkamp _bBarbara _4070 |
|
| 702 | 1 |
_aShaftesbury _bAnthony Ashley Cooper _f1671-1713 |
|
| 801 | 0 |
_aRU _bNLR _c19950127 _gPSBO |
|
| 801 | 1 |
_aRU _bNLR _c20020528 |
|
| 852 |
_aNLR _jИк 2001-7/1253 |
||
| 942 | _cBOOK | ||
| 980 | _aNB | ||